Celebrity Mashups Quiz Stats

 Plays Quiz Updated May 14, 2016

Also try: Men With Cats
Challenge
Share
Tweet
Score 0/15 Timer 05:00
2 Plays Today
% Correct
Matthew Perry (Matthew McConaughey & Katy Perry)
89.4%
James Woods (James Franco & Tiger Woods)
87.2%
John Ford (John Lennon & Harrison Ford)
85.3%
Christopher Lee (Christopher Walken & Bruce Lee)
79.1%
Woody Allen (Woody Harrelson & Tim Allen)
74.7%
Michael Keaton (Michael J. Fox & Diane Keaton)
66.5%
Chris Martin (Chris Hemsworth & Steve Martin)
66.4%
Anne Rice (Anne Hathaway & Condoleezza Rice)
65.2%
% Correct
Ryan O'Neal (Ryan Gosling & Shaquille O'Neal)
62.4%
Robin Williams (Robin Thicke & Serena Williams)
49.8%
David Lynch (David Beckham & Jane Lynch)
49%
Brian Wilson (Brian Williams & Owen Wilson)
47.5%
Tony Parker (Tony Blair & Sarah Jessica Parker)
46.2%
Naomi Campbell (Naomi Watts & Neve Campbell)
35.1%
Russell Crowe (Russell Brand & Cameron Crowe)
31%

You're not logged in!

Compare scores with friends on all Sporcle quizzes.
Join for Free
OR
Log In

You Might Also Like...

Show Comments

Extras

Top Quizzes Today


Score Distribution

Your Account Isn't Verified!

In order to create a playlist on Sporcle, you need to verify the email address you used during registration. Go to your Sporcle Settings to finish the process.

Report this User

Report this user for behavior that violates our Community Guidelines.

Details: